|
|
|
|
| LEADER |
02199njm a2200505 a 4500 |
| 001 |
000696119 |
| 003 |
CZ BrMZK |
| 005 |
20150202135216.0 |
| 007 |
sd fsngnnmmned |
| 008 |
031107s2003 xr op f z cze d |
| 028 |
0 |
1 |
|b Národní divadlo
|
| 040 |
|
|
|a BOA001
|b cze
|
| 041 |
0 |
|
|a cze
|e cze
|e eng
|
| 047 |
|
|
|a op
|
| 080 |
|
|
|a (086.76)
|2 MRF
|
| 080 |
|
|
|a 782
|2 MRF
|
| 100 |
1 |
|
|a Viklický, Emil,
|d 1948-
|7 jn19990010022
|4 cmp
|
| 245 |
1 |
0 |
|a Máchův deník
|h [zvukový záznam] :
|b [komorní opera o jednom dějství z roku 2003] /
|c Emil Viklický ; [libreto Yohan Kaldi, český překlad Pavel Dominik] = Mácha's diary
|
| 246 |
1 |
|
|a Máchův deník, aneb, Hynku, jak si to představuješ
|
| 246 |
3 |
|
|a Hynku, Jak si to představuješ?
|
| 246 |
3 |
3 |
|a Mácha's diary
|
| 260 |
|
|
|a Praha :
|b Národní divadlo,
|c [2003?]
|
| 300 |
|
|
|a 2 zvukové desky (84:51) :
|b digital ;
|c 12 cm +
|e 1 brožura [12 s.]
|
| 306 |
|
|
|a 004158
|a 004253
|
| 500 |
|
|
|a Národní divadlo v Praze, sezóna 2002/2003
|
| 500 |
|
|
|a Kompaktní desky
|
| 500 |
|
|
|a Souběžný název na obalu: Mácha's diary, or, Mácha, what do you thing you're doing?
|
| 500 |
|
|
|a Živá nahrávka
|
| 500 |
|
|
|a Dokument nemá objednací číslo
|
| 500 |
|
|
|a Text v brožuře česky a anglicky
|
| 500 |
|
|
|a Nahráno při světové premiéře 1.5. a repríze 3.5.2003 v Divadle Kolowrat
|
| 511 |
0 |
|
|a Orchestr opery Národního divadla, Tomáš Hála, dirigent
|
| 511 |
0 |
|
|a Účinkují: Robert Šicho, Gabriela Kopperová, Oldřich Kříž ... [et al.]
|
| 650 |
0 |
7 |
|a opery
|7 ph123760
|z Česko
|y 21. stol.
|2 czenas
|
| 655 |
|
7 |
|a kompaktní desky
|7 fd201991
|2 czenas
|
| 700 |
1 |
|
|a Dominik, Pavel,
|d 1952-
|7 jn20000400506
|4 trl
|
| 700 |
1 |
|
|a Šicho, Robert,
|d 1967-
|7 ola2002146825
|4 sng
|
| 700 |
1 |
|
|a Kopperová, Gabriela,
|d 1978-
|7 xx0021098
|4 sng
|
| 700 |
1 |
|
|a Kříž, Oldřich,
|d 1960-
|7 ola2002146823
|4 sng
|
| 700 |
1 |
|
|a Hála, Tomáš,
|d 1963-
|7 xx0069308
|4 cnd
|
| 700 |
1 |
|
|a Kaldi, Yohanan
|7 xx0126587
|4 lbt
|
| 710 |
2 |
|
|a Národní divadlo v Praze.
|b Orchestr
|7 ko2003171957
|
| 910 |
|
|
|a BOA001
|b CD-0011.298
|
| 990 |
|
|
|a AV
|
| 996 |
6 |
|
|b 261H012400
|c CD-0011.298
|l MZK
|r Sklad / do 24 hodin
|n 0
|w 000696119
|u 000010
|a 1
|e BOA001
|j MZK50
|s P
|